Stavba lego autíčka pomocou robotického ramena KUKA

Uložené v:
Podrobná bibliografia
Hlavný autor: Štefák, Róbert (Autor)
Ďalší autori: Duchoň, František (Vedúci práce)
Médium: Rukopis Kniha
Jazyk:Slovak
Vydavateľské údaje: Bratislava : STU v Bratislave FEI, 2020
Predmet:
On-line prístup:https://opac.crzp.sk/?fn=detailBiblioForm&sid=69B07E5EF4F2B22F098CB1C7FD1B&seo=CRZP-detail-kniha
Tagy: Pridať tag
Žiadne tagy, Buďte prvý, kto otaguje tento záznam!

MARC

LEADER 00000ntm a22000003a 4500
001 stuzp76651
003 SK-STU
005 20200923115627.1
007 ta
008 150427s2015----xo-----f-mn---000-0-slo-d
040 |a STU  |b slo 
041 0 |a slo 
044 |a xo 
100 1 |a Štefák, Róbert  |u 031000  |4 aut  |U FEI Fakulta elektrotechniky a informatiky  |T FEI Ústav robotiky a kybernetiky  |X 92635  |U E011  |Y 356  |7 92635 
242 0 1 |a Lego car construction using the robot arm KUKA  |y eng 
245 1 0 |a Stavba lego autíčka pomocou robotického ramena KUKA  
260 |c Bratislava :  |c STU v Bratislave FEI,  |c 2020 
300 |a 48 s. 
500 |a bakalárska práca 
650 4 |a Manipulátor  |2 slo 
650 4 |a 3D PhoXi skener  |2 slo 
650 4 |a KUKA robot  |2 slo 
650 4 |a Stavba Lego autíčka  |2 slo 
650 4 |a Lego car construction  |2 eng 
650 4 |a 3D PhoXi scanner  |2 eng 
650 4 |a KUKA robot  |2 eng 
650 4 |a Manipulator  |2 eng 
700 1 |a Duchoň, František  |u 031000  |k Z1  |4 ths  |U FEI Fakulta elektrotechniky a informatiky  |T FEI Ústav robotiky a kybernetiky  |X 10329  |U E011  |Y 356  |7 A000010329 
856 4 |u https://opac.crzp.sk/?fn=detailBiblioForm&sid=69B07E5EF4F2B22F098CB1C7FD1B&seo=CRZP-detail-kniha